Statistiques concernant Les différents secteurs de Super Pokémon Rumble

Cliquez ici pour prendre le quiz!

Statistiques générales

  • Ce quiz a été pris 2 fois
  • Le résultat moyen est 4 sur 14

Statistiques - réponses

Réponse% Correct
Forestier
100%
Automnal
50%
Glaciaire
50%
Lacustre
50%
Littoral
50%
Volcanique
50%
Arboricole
0%
Désertique
0%
Fortifié
0%
Hanté
0%
Industriel
0%
Montagneux
0%
Souterrain
0%
Verdoyant
0%

Distribution des résultats

Percentile par nombre de réponses

% des personnes avec chaque résultat

Votre développement - résultats

Vous n’avez pas pris ce quiz